Tratado de la interpretación del contrato en América Latina / (Registro nro. 323121)

Detalles MARC
000 -ENCABEZADO
Número de control [NR] 01310nam a22002777a 4500
005 - FECHA Y HORA DE LA ÚLTIMA TRANSACCIÓN
control field 20231005093434.0
008 - DE LONGITUD FIJA DE DATOS DE ELEMENTOS - INFORMACIÓN GENERAL
Elementos de longitud fija [NR] 230906b ||||| |||| 00| 0 eng d
020 ## - NUMERO INTERNACIONAL NORMALIZADO PARA LIBROS [R]
Número Internacional Normalizado del libro [NR] 9972040976 (Obra completa)
020 ## - NUMERO INTERNACIONAL NORMALIZADO PARA LIBROS [R]
Número Internacional Normalizado del libro [NR] 9972040984 (Tomo I)
020 ## - NUMERO INTERNACIONAL NORMALIZADO PARA LIBROS [R]
Número Internacional Normalizado del libro [NR] 9972040992 (Tomo II)
020 ## - NUMERO INTERNACIONAL NORMALIZADO PARA LIBROS [R]
Número Internacional Normalizado del libro [NR] 997204100x (Tomo III)
040 ## - FUENTE DE CATALOGACION [NR]
Agencia de catalogación original [NR] CO-BoUCM
Quien Cataloga David Moreno
Quien Clasifica David Moreno
041 ## - CODIGO DE IDIOMA [R]
Código de idioma para texto/pista de sonido o título separado [R] Español
100 1# - ASIENTO PRINCIPAL--NOMBRE PERSONAL [NR]
Nombre personal [NR] Hinestrosa, Fernando
Fechas asociadas con el nombre [NR] 1931-2012
ID Autoridad 178720
245 ## - MENCION DE TITULO [NR]
Título [NR] Tratado de la interpretación del contrato en América Latina /
Mención de responsabilidad, etc. [NR] Fernando Hinestrosa, Jorge Avendaño V, Ricardo Lorenzatti … [y otro].
260 ## - PUBLICACION, DISTRIBUCION, ETC. (PIE DE IMPRENTA) [R]
Lugar de publicación, distribución, etc. [R] Lima, PE
Nombre del editor, distribuidor, etc. [R] Lurídica Grijley
-- Universidad el Externado
-- Rubinzal
Fecha de publicación, distribución, etc. [R] 2007
300 ## - DESCRIPCION FISICA [R]
Extensión [R] xlviii, 782 Paginas
Otros detalles físicos [NR] 3 v.
501 ## - NOTA DE “CON” [R]
Nota de “Con” [NR] v.1: Reglas para la interpretación de los contratos en América Latina.- v.2: La interpretación del contrato en Colombia, Chile.- v.3: La interpretación del contrato en Perú, Venezuela.
504 ## - NOTA DE BIBLIOGRAFIA, ETC. [R]
Nota de bibliografía, etc. [NR] Incluye referencias bibliográficas e índices
650 ## - ASIENTO SECUNDARIO DE MATERIA - TERMINO TEMATICO [R]
Término temático o nombre geográfico como elemento de entrada [NR] Interpretacion del contrato
Subdivisión geográfica [R] America latina
9 (RLIN) 178721
700 1# - ASIENTO SECUNDARIO - NOMBRE PERSONAL [R]
Nombre personal [NR] Avendaño V. Jorge
9 (RLIN) 178722
700 1# - ASIENTO SECUNDARIO - NOMBRE PERSONAL [R]
Nombre personal [NR] Lorenzetti, Ricardo Luis
Fechas asociadas con el nombre [NR] 1955-
9 (RLIN) 178723
700 1# - ASIENTO SECUNDARIO - NOMBRE PERSONAL [R]
Nombre personal [NR] Rubio Correa, Marcial Antonio
Fechas asociadas con el nombre [NR] 1948-
9 (RLIN) 178724
942 ## - ELEMENTOS DE ENTRADA AGREGADOS (KOHA)
Sistema de clasificación DEWEY
Tema principal Derecho
Tipo de ítem principal el descrito en 300a Libro
Edición 1
Clasificación 346.614
Parte restante de la signatura top. T71t
Título oculto en OPAC No
Existencias
Signatura topográfica Código de barras Última vez visto Volúmen / Fascículo Ejemplar Costo de reposición Price effective from Tipo de ítem Perdido Sistema de clasificación Dañado No prestable Tipo de ítem específico Suprimido Ubicación habitual Ubicación actual Localización Fecha de creación Forma de adquisición
346.614 T71t 100171860 09/12/2025 Tomo 1 Ej.1 26000.00 06/09/2023 Libro   DEWEY     Libro   Claustro Claustro 3er piso 06/09/2023 Donación
346.614 T71t 100171859 09/12/2025 Tomo 3 Ej.1 26000.00 06/09/2023 Libro   DEWEY     Libro   Claustro Claustro 3er piso 06/09/2023 Donación
346.614 T71t 100172017 09/12/2025 Tomo 2 Ej.1 26000.00 05/10/2023 Libro   DEWEY     Libro   Claustro Claustro 3er piso 05/10/2023 Donación